000 00496nam a2200145Ia 4500
008 100204s9999 xx 000 0 und d
082 _b4819
100 _aगोगटे शकुंतला
245 _aचांदणे शिंपित जा
260 _b"स्मिता प्रकाशन, पुणे 30"
_c1982
300 _a155
630 _aचांदणे शिंपित जा
730 _aचांदणे शिंपित जा
942 _cBOOK
999 _c449499
_d449496